Guía de campo de los mamíferos acuáticos de Colombia / (Registro nro. 3881)

Detalles MARC
000 -CABECERA
Campo de control 01241cam a2200313 a 4500
005 - FECHA Y HORA DE LA ULTIMA TRANSACCION
Campo de control 20180213154021.0
008 - ELEMENTOS DE LONGITUD FIJA—INFORMACION GENERAL
Campo de control 040420s2004 ck a r 00110 spa d
015 ## - NATIONAL BIBLIOGRAPHY NUMBER
National bibliography number ck-2004-xxxx
020 ## - ISBN
ISBN 9583357707
040 ## - FUENTE DE CATALOGACIÓN
Agencia catalogadora original la
Agencia transcriptora la
Agencia Modificadora CO-BoIAVH
041 0# - IDIOMA
Código de idioma para texto/pista de sonido o título separado Español
043 ## - GEOGRAPHIC AREA CODE
Geographic area code s-ck---
082 04 - NUMERO DE CLASIFICACION DECIMAL DEWEY
Número de clasificación 599.5
Número del ítem F63g
100 1# - ASIENTO PRINCIPAL--NOMBRE PERSONAL
Nombre personal Flórez González, Lilián
9 (RLIN) 13060
245 10 - MENCION DE TITULO
Título Guía de campo de los mamíferos acuáticos de Colombia /
Mención de responsabilidad Lilián Flórez González, Juan Capella Alzueta, Patricia Falk Fernández ; ilustraciones Raúl Ríos Herrera.
260 ## - PUBLICACION, DISTRIBUCION, ETC. (PIE DE IMPRENTA)
Lugar de publicación, distribución, etc. Santiago de Cali :
Nombre del editor, distribuidor, etc. Editorial Sepia,
Fecha de publicación, distribución, etc. 2004.
300 ## - DESCRIPCION FISICA
Extensión 124 p. :
Otros detalles físicos il. ;
Dimensiones 17 cm.
500 ## - NOTA GENERAL
Nota general Glosario : p. 114-119.
504 ## - NOTA DE BIBLIOGRAFIA, ETC.
Nota de bibliografía Incluye referencias bibliográficas e índice.
650 #6 - ASIENTO SECUNDARIO DE MATERIA - TERMINO TEMATICO
Término temático o nombre geográfico como elemento de entrada Mamíferos acuáticosos
Subdivisión geográfica Colombia
Subdivisión de forma Guías.
9 (RLIN) 89741
650 ## - ASIENTO SECUNDARIO DE MATERIA - TERMINO TEMATICO
Término temático o nombre geográfico como elemento de entrada Animales acuáticos
Subdivisión geográfica Colombia
Subdivisión de forma Guías.
9 (RLIN) 89742
650 ## - ASIENTO SECUNDARIO DE MATERIA - TERMINO TEMATICO
Término temático o nombre geográfico como elemento de entrada Fauna marina
Subdivisión geográfica Colombia.
Subdivisión de forma Guías.
9 (RLIN) 89743
650 ## - ASIENTO SECUNDARIO DE MATERIA - TERMINO TEMATICO
Término temático o nombre geográfico como elemento de entrada Hábitat acuático
Subdivisión geográfica Colombia.
9 (RLIN) 89744
700 1# - ASIENTO SECUNDARIO - NOMBRE PERSONAL
Nombre personal Garcés Guerrero, Diego Miguel
Término de relación editor
9 (RLIN) 89745
700 1# - ASIENTO SECUNDARIO - NOMBRE PERSONAL
Nombre personal Capella Alzueta, Juan
Término de relación autor
9 (RLIN) 13057
700 1# - ASIENTO SECUNDARIO - NOMBRE PERSONAL
Nombre personal Falk Fernández, Patricia
Término de relación autor
9 (RLIN) 20142
700 1# - ASIENTO SECUNDARIO - NOMBRE PERSONAL
Nombre personal Ríos Herrera, Raúl
Término de relación ilustrador
9 (RLIN) 47514
942 ## - ELEMENTOS ADICIONALES (KOHA)
Sistema de clasificación Dewey Decimal Classification
Tipo de ítem Libro
Existencias
Withdrawn status Lost status Sistema de Clasificación Damaged status No para préstamo Colección Inventariado Ubicación Permanente Ubicación actual Fecha de adquisición Fuente de Valor Valor Total Checkouts Número topográfico Inventario / Código de Barras Date last seen Ejemplar Price effective from Forma de adquisición Tipo de material
    Dewey Decimal Classification     General Inventariado 2017 Bogotá Bogotá 27/05/2004 Amazon 15000.00   LB-599.5 F63g 015947 04/12/2012 Ej. 1 04/12/2012   Libro
    Dewey Decimal Classification     General Inventariado 2017 Sala Fabio Quevedo Sala Fabio Quevedo 09/06/2004 Amazon 15000.00   LB-599.5 F63g 016015 04/12/2012 Ej. 2 04/12/2012   Libro